000 00750nam a2200205Ia 4500
005 20260121110333.0
008 008 260114s9999 xx 000 0 hin d
020 _a9788132353157
037 _aEBOOK
040 _aCRL
_bhin
_cCRL
041 _ahin
_2hin
084 _qCRL
100 _aराजेश यादव / Rajesh Yadav
_9944942
245 0 _aभारतीय संविधान, प्रेस विधि एवं समसामयिक मुद्दे / Bhartiya Samvidhan, Press Vidhi aur Samsamayik Mudde
260 _bभाषा प्रकाशन / Bhasha Prakashan
_c2020
856 _uhttps://bhashaprakashan.com/product-details/382380
942 _cEBOOK
999 _c1536606
_d1536606